World Capital Flags - Statistics

General Stats
  • This quiz has been taken 11 times
  • The average score is 38 of 151
Answer Stats
Picture Answer % Correct
Taipei
78%
Abuja
67%
Baghdad
67%
Copenhagen
67%
Havana
67%
Honiara
67%
Paris
67%
Asmara
56%
Castries
56%
Dakar
56%
Damascus
56%
Dublin
56%
Funafuti
56%
Jérusalem
56%
Managua
56%
Panama
56%
San Marino
56%
Accra
44%
Amsterdam
44%
Berlin
44%
Bern
44%
Dili
44%
Dodoma
44%
Kuala Lumpur
44%
Lisbon
44%
London
44%
Luxembourg
44%
Madrid
44%
Manila
44%
Roma
44%
Tripoli
44%
Astana
33%
Bangkok
33%
Belmopan
33%
Chisinau
33%
Hanoï
33%
Kinshasa
33%
Manama
33%
Maputo
33%
Moscow
33%
Oslo
33%
Ottawa
33%
Praia
33%
Ramallah
33%
Sao Tome
33%
Seoul
33%
Tashkent
33%
Tehran
33%
Tokyo
33%
Warsaw
33%
Washington D.C.
33%
Abidjan
22%
Amman
22%
Antananarivo
22%
Bishkek
22%
Bissau
22%
Bogota
22%
Brussels
22%
Bucharest
22%
Buenos Aires
22%
Cairo
22%
Canberra
22%
Cardiff
22%
Edinburgh
22%
Gaborone
22%
Hagatna
22%
Harare
22%
Helsinki
22%
Jakarta
22%
Katmandu
22%
Kyiv
22%
Majuro
22%
Malabo
22%
Minsk
22%
Mogadishu
22%
Monaco
22%
Monrovia
22%
Nouméa
22%
Port of Spain
22%
Pristina
22%
Santiago
22%
Stockholm
22%
Tbilisi
22%
Torshavn
22%
Ulaanbaatar
22%
Wellington
22%
Windhoek
22%
Abu Dhabi
11%
Addis-Abeba
11%
Algiers
11%
Andorra la Vella
11%
Asuncion
11%
Baku
11%
Banjul
11%
Beirut
11%
Belgrade
11%
Brasilia
11%
Bratislava
11%
Brno
11%
Budapest
11%
Caracas
11%
Georgetown
11%
Guatemala
11%
Hamilton
11%
Juba
11%
Kabul
11%
Khartoum
11%
Kuwait City
11%
Laayoune
11%
La Paz
11%
Libreville
11%
Lima
11%
Ljubjlana
11%
Luanda
11%
Mariehamn
11%
Mexico
11%
Nairobi
11%
Naypyidaw
11%
Nicosia
11%
Nuuk
11%
Palikir
11%
Podgorica
11%
Port Louis
11%
Port Moresby
11%
Port Vila
11%
Praha
11%
Pretoria
11%
Putrajaya
11%
Quito
11%
Rabat
11%
Reykjavik
11%
Riga
11%
Saint Helier
11%
Saint Peter Port
11%
San Jose
11%
San Salvador
11%
Sarajevo
11%
Skopje
11%
Sofia
11%
Sucre
11%
Tallinn
11%
Tegucigalpa
11%
Tirana
11%
Tiraspol
11%
Vaduz
11%
Valetta
11%
Valparaiso
11%
Vilnius
11%
Wien
11%
Yerevan
11%
Zagreb
11%
No matching quizzes found
Score Distribution
Percent of People with Each Score
Percentile by Number Answered
Your Score History
You have not taken this quiz